000 00556nam a2200169 4500
999 _c4095
_d4095
008 160824b xxu||||| |||| 00| 0 eng d
022 _a2094-8042
082 _aDPer 370.105 M72 Jan-Dec 2012 V. 60-61
100 _913621
_aApaga, Renie N.
243 _aThe modern teacher
245 _aHow to make paper clay for easy child-friendly craft/
_cRenie N. Apaga.
260 _aPhilippines:
_bIn the Grade School, Inc.,
_c©2012.
300 _aV60 n9, page 366;
_c28 cm.
500 _aThe Modern Teacher
650 0 _913622
_aHandicraft
942 _2ddc
_cPER